Southville International School and Colleges
Your cart is empty.
  • Cart
  • Lists
    Public lists Eva Luna New books Lux_list list_1
    Your lists Log in to create your own lists
  • Log in to your account
  • Your cookies
  • Search history
Southville International School and Colleges
  • Advanced search
  • Recent comments
  • Most popular
  • Libraries

Log in to your account

Log in with GOOGLE


If you do not have an external account, but do have a local account, you can still log in:

  1. Home
  2. MARC view: What every angel investor wants you to know :
Normal view MARC view ISBD view

What every angel investor wants you to know : (Record no. 25862)

[ view plain ]
MARC details
000 -LEADER
fixed length control field 00744nam a22002297a 4500
005 - DATE AND TIME OF LATEST TRANSACTION
control field 20140313100407.0
008 - FIXED-LENGTH DATA ELEMENTS--GENERAL INFORMATION
fixed length control field 131217b xxu||||| |||| 00| 0 eng d
020 ## - INTERNATIONAL STANDARD BOOK NUMBER
International Standard Book Number 9780071800716
050 ## - LIBRARY OF CONGRESS CALL NUMBER
Classification number HG 4028.C4
Item number .C64 2013
100 ## - MAIN ENTRY--PERSONAL NAME
Personal name Cohen, Brian S.
245 ## - TITLE STATEMENT
Title What every angel investor wants you to know :
Remainder of title an insider reveals how to get smart funding for your billion dollar idea /
Statement of responsibility, etc Brian Cohen, John Kador.
260 ## - PUBLICATION, DISTRIBUTION, ETC. (IMPRINT)
Place of publication, distribution, etc New York :
Name of publisher, distributor, etc McGraw-Hill,
Date of publication, distribution, etc 2013.
300 ## - PHYSICAL DESCRIPTION
Extent xix, 228 p. :
Dimensions 24 cm.
504 ## - BIBLIOGRAPHY, ETC. NOTE
Bibliography, etc Includes Index.
521 ## - TARGET AUDIENCE NOTE
Target audience note
650 ## - SUBJECT ADDED ENTRY--TOPICAL TERM
Topical term or geographic name as entry element Capital investments.
650 ## - SUBJECT ADDED ENTRY--TOPICAL TERM
Topical term or geographic name as entry element Investments.
650 ## - SUBJECT ADDED ENTRY--TOPICAL TERM
Topical term or geographic name as entry element New business enterprises.
700 ## - ADDED ENTRY--PERSONAL NAME
Personal name Kador, John.
Relator term author.
942 ## - ADDED ENTRY ELEMENTS (KOHA)
Source of classification or shelving scheme Library of Congress Classification
Koha item type Books
Call number prefix Foreign
Holdings
Withdrawn status Lost status Source of classification or shelving scheme Damaged status Home library Current library Shelving location Date acquired Total Checkouts Full call number Barcode Date last seen Date checked out Copy number Price effective from Koha item type
    Library of Congress Classification   College Library College Library Reserve Section 12/17/2013 2 HG 4028.C4 .C64 2013 C17333 02/22/2019 07/13/2016 1 12/17/2013 Books

What every angel investor wants you to know :

APA

Cohen B. S., Kador J., . (2013). What every angel investor wants you to know. New York: McGraw-Hill.

Chicago

Cohen Brian S, Kador John, . 2013. What every angel investor wants you to know. New York: McGraw-Hill.

Harvard

Cohen B. S., Kador J., . (2013). What every angel investor wants you to know. New York: McGraw-Hill.

MLA

Cohen Brian S, Kador John, . What every angel investor wants you to know. New York: McGraw-Hill. 2013.

  • Place hold
  • Print
  • Cite
  • Add to your cart (remove)
  • Save record
    BIBTEX Dublin Core MARCXML MARC (non-Unicode/MARC-8) MARC (Unicode/UTF-8) MARC (Unicode/UTF-8, Standard) MODS (XML) RIS
  • More searches
    Search for this title in:
    Other Libraries (WorldCat) Other Databases (Google Scholar) Online Stores (Bookfinder.com) Open Library (openlibrary.org)

Exporting to Dublin Core...

SOUTHVILLE LIBRARY

Southville International School and Colleges Library

1281 Tropical Ave. Cor. Luxembourg St., BF Homes International, Las Pinas City

Tel. No. 8256374 / 252358 Loc. 117/146

Powered by Koha